|
|
|
|
| LEADER |
00716nam a22001817a 4500 |
| 005 |
20151215124859.0 |
| 008 |
090910t xxu||||| |||| 00| 0 eng d |
| 082 |
|
|
|a 658.787
|b BUF
|
| 100 |
|
|
|a Buffa, Elwood S.
|9 1407
|
| 245 |
|
|
|a Production-inventory system
|b planning and control
|
| 300 |
|
|
|a xiv, 616p.
|
| 653 |
|
|
|a Planning
|a Management
|
| 700 |
|
|
|a William , H Taubert
|9 20650
|
| 942 |
|
|
|c BK
|6 _
|
| 260 |
|
|
|a London
|b Richard, D.Irwin Inc
|c 1972
|
| 999 |
|
|
|c 93478
|d 93478
|
| 952 |
|
|
|0 0
|1 0
|2 ddc
|4 0
|6 658787_BUF
|7 0
|9 117445
|a SMS
|b SMS
|c REF
|d 2009-09-10
|o 658.787 BUF
|p SMS012300
|r 2009-09-10
|w 2009-09-10
|y REF
|
| 952 |
|
|
|0 0
|1 0
|2 ddc
|4 0
|6 658787_BUF
|7 0
|9 117446
|a SMS
|b SMS
|c GEN
|d 2009-11-17
|o 658.787 BUF
|p SMS009632
|r 2009-11-17
|w 2009-11-17
|y BK
|